MDQL
is popping MORE tags! Check the
thread
!
Quizzes
Events
Quiz Creation
Community
Videos
Private Events
Remove Ads
Sign In
Join for FREE
Feedback
Dark Mode
Quiz Categories
Sports
Geography
Music
Movies
Television
Just For Fun
Miscellaneous
History
Literature
Language
Science
Gaming
Entertainment
Religion
Holiday
For Kids
Quiz Lab
Recent
Popular Today
Quiz Kudos Today
Editor Picks
Curator Picks
Quizzes by...
Day
Popularity
Type
Ratings
Length
Year
Community
Subscriptions
Recent Discussions
Orange Saloon
Badges
Playlists
Quests
Create
Leaderboards
Showdown
Live 5
Trivia Bingo
Activity
Puzzle Library
Sporcle Events
Private Events
Virtual Trivia
Globe League
Become a Host
Pub Owners
SporcleCon
Opinionation
Our Games
Videos
Blog
Mobile Apps
Partnerships
Remove Ads and Go Orange
Feedback
Entertainment
Celebrity
Famous
Musical
Broadway
Show
Quote
Comic Books
Anime
Superhero
DC Comics
Marvel
Cartoons
Animation
Entertainment
Celebrity
Famous
Musical
Broadway
Show
Quote
Comic Books
Anime
Superhero
DC Comics
Marvel
Cartoons
Animation
Random Quiz
Search Sporcle
×
Quiz Lab
Quiz Lab
Entertainment
Celebrity
Type in answers that appear in a list
Type in answers that appear in a list
Classic
Best Score? Go Orange.
Celebrity Charities Stats
Can you name the charities of these celebrities?
By
wabbit
15m
40 Questions
6 Plays
6 Plays
6 Plays
Comments
Comments
Give Quiz Kudos
Give Quiz Kudos
-
- Ratings
hide this ad
More Info
Random Order
Randomize order of answers
Randomize order of answers
Replay
Link that replays current quiz
Next Quiz
Link to next quiz in quiz playlist
You Got
0%
They Got
Avg Score
3%
Avg Friend Score
Upgrade to see
Score Distribution
Jump to the score distribution portion of the page
Score
0/40
Timer
15:00
0
Plays Today
Celebrity/Celebrities
Charity
% Correct
Arnold Schwarzenegger, Bart Conner, Jackie Chan, Maria Shriver, Michael Phelps, Nadia Comaneci, Pierce Brosnan, Scott Hamilton, Timothy Shriver, Vanessa Williams, and Yao Ming
Special Olympics
66.7%
Dave Mathews, John Mellencamp, Neil Young, and Willie Nelson
Farm Aid
33.3%
Chris Webber, Grant Hill, Jimmie Johnson, Kevin Donnalley, and Michael Johnson
Make-A-Wish Foundation
16.7%
Chuck Norris
KICKSTART
16.7%
Paul Simon
The Children's Health Fund
0%
Elton John, Jane Fonda, and Whoopi Goldberg
Elton John AIDS Foundation
0%
Alicia Keys
Keep a Child Alive
0%
Micheal J. Fox
Michael J. Fox Foundation for Parkinson's Research
0%
Rusty Wallace and Tina Fey
National Kidney Foundation
0%
Bette Midler
New York Restoration Project
0%
James Taylor, Leonardo DiCaprio, and Robert Redford
Natural Resources Defense Council
0%
January Jones, Kelsey Grammer, Pierce Brosnan, and Ted Danson
Oceana
0%
Sting and Trudie Styler
Rainforest Foundation US
0%
Matt Dillon, Queen Noor Al-
Hussein, and Sam Waterson
Refugees International
0%
Al Roker, Billy Bush, Carl Lewis, Cindy Crawford, Hayden Panettiere, and Mario Lopez
Ronald McDonald House Charities
0%
Maya Angelou
Shelter Network
0%
Tony La Russa
Tony La Russa's Animal Rescue Foundation
0%
Matt Damon
Water.org
0%
Dolly Parton
United Way Worldwide
0%
Al Roker
A Place Called Home
0%
Celebrity/Celebrities
Charity
% Correct
Paula Abdul
American Humane Association
0%
Jessica Seinfeld
Baby Buggy
0%
David Caruso and Mark Montigny
Best Buddies International
0%
Ashanti , Bill Clinton, Bill Cosby, Courtney Vance, Cuba Gooding, Jr., Denzel Washington, Edward James Olmos, Gen. Wesley Clark, Jackie Joyner-
Kersee, Jimmy Rollins, John Mellencam
Boys & Girls Clubs of America
0%
Mariah Carey and Tiki Barber
The Fresh Air Fund
0%
Betty White
The Gorilla Foundation
0%
Bono
Greenpeace Fund
0%
Julia Roberts and Paul Newman
The Hole in the Wall Gang Fund
0%
Sigourney Weaver
Human Rights First
0%
Lance Armstrong
Lance Armstrong Foundation
0%
Earvin 'Magic' Johnson
Magic Johnson Foundation
0%
Amy Grant, Bon Jovi, Donny Osmond, Martina McBride, and Reba McEntire
National Breast Cancer Foundation, Inc.
0%
Ben Stiller and Julianna Margulies
Project A.L.S.
0%
Uma Thurman
Room to Grow
0%
Julianne Moore
Tuberous Sclerosis Alliance
0%
Muhammad Ali
American Parkinson Disease Association
0%
Larry King
Larry King Cardiac Foundation
0%
Tom Brokaw
Mayo Clinic
0%
Angelina Jolie and Brad Pitt
Jolie-Pitt Foundation
0%
George Clooney, Don Cheadle, Matt Damon, Brad Pitt, and Jerry Weintraub
Not On Our Watch
0%
Quiz Playlist
Details
Report
Send in Message
Add To Playlist
More Info:
Answer the charities these celebrities are(or were)involved with. NOTE: Intials do not count; the foundation must be spelled out.
Classic:
Type in answers that appear in a list
Random Order:
Randomize order of answers
Last Updated: Feb 16, 2017
Quiz Scoreboard
CHALLENGE
Sign Up to Join the Scoreboard
Show All
Scores
Hide
Comments
May contain spoilers
Recently Published
Colored Red Africa Blitz
by spor1
Geography
30s
Find the 'City' Movie
by crazypaving
Movies
60s
5x2 Blitz: Bands
by SL_Kpop136
Music
30s
More to Explore
Quiz From the Vault
Featured Blog Post
14 Easter Pick-up Lines to Find Eggs With
hide this ad
You Might Also Like...
Tags
Actor Quiz
Celebrity Quiz
Charity
foundation
star
Today's Top Quizzes in Entertainment
Browse Entertainment
hide this ad
Today's Top Quizzes in Celebrity
Browse Celebrity
Top Contributed Quizzes in Entertainment
1
7-to-1: DC Comics Villains
2
Marvel Characters Bunker
3
The Beatles on The Simpsons
4
Dragon Ball Z: Goku's Fights in Order
5
Eurovision 2023 Logic Puzzle
6
Sorting Pictures: Villains
7
Criteria Quickie: Cartoon Taxonomy II
8
7-to-1: One Piece
9
Mini Trivia Sudoku: Musicals
10
Fictional Villains Letter U Blitz
Explore More
Trending Topics
Disney
Harry Potter
NBA
Kpop
Crossword
Anime
Marvel
Country
Pokémon
The Office
Song
Puzzle
Soccer
NFL
WWE
hide this ad
More By:
wabbit
Quiz
Plays
Rating
Category
Featured
Created
AP World History Unit 1 Ch 1
1,414
3.60
History
Dec 3, 2011
U.S. Presidents by Quotes
168
3.00
History
Dec 2, 2011
Comedians by Quote
76
5.00
Entertainment
Dec 1, 2011
Celebrity Charities
6
5.00
Entertainment
Dec 5, 2011
Go to Creator's Profile
Score Distribution
Quiz Creator Spotlight
wabbit
Follow
Send a Message
Quizzes Created
-
Created Quiz Play Count
-
More By This Creator
Popular Quizzes Today
1
5x2 Blitz: Bands
2
Find the 'City' Movie
3
Find the US States - No Outlines Minefield
4
Colored Red Africa Blitz
5
The Countries of the World
6
Find the US States
7
9x9 Crossword: Cartoon Network
8
Risky Map Clicking: Biggest States A-Z
More Entertainment Quizzes
Meme the Bern
Published
Trending Quizzes
Colored Red Africa Blitz II
Colored Red Europe Blitz I
Find the 'Dark' Movie
Find the 'Day' Movie
Find the 'Good' Movie
Recently Updated
Champions League XIs: Real Madrid
pecheneg
Largest US Cities 1790-2010
pecheneg
Rides in Walt Disney World
pecheneg
Most Oscar Losses (Acting)
pecheneg
Beyoncé Albums
pecheneg
Leaping Animals
pecheneg
Reality TV Shows (A-Z)
bhenderson79
Rickey Henderson's Hall of Fame Teammates
pecheneg
Champions League XIs: Arsenal
pecheneg
Quick Pick: Celebrities in WWE's Hall of Fame
aduchscher
Trending Topics
NBA
Disney
Marvel
Anime
Harry Potter
Crossword
Kpop
The Office
WWE
NFL
Pokémon
Song
Country
Soccer
Puzzle
Your Account Isn't Verified!
In order to create a playlist on Sporcle, you need to verify the email address you used during registration. Go to your
Sporcle Settings
to finish the process.
Report this User
Report this user for behavior that violates our
Community Guidelines
.
Details:
Send Report
Go to the Sporcle.com Mobile Site →
Comments